000
00395nam a22001577a 4500
003
MPLRDC
005
20220104123509.0
008
210129b ||||| |||| 00| 0 eng d
082
_a
424.1 HTJL
100
_a
和田静郎
245
_a
苗条健美法
_c
李一晓译
260
_a
_b
尖端出版社
_c
1986
300
_b
平
650
_a
美容运动、健身体操
942
_c
BK
_o
424.1 HTJL
999
_c
11885
_d
11875